00374nam a22001217a 4500040000900000100002600009245004600035260002300081300001000104942001200114999001900126952010700145 cSCME aLeach richard9113251 aCharacterisation of areal surface texture aUKbSpringerc2013 a345p. 2ddccBK c595003d595003 00102ddc4070aSCMEbSCMEcCARTd2023-06-23l0o625.85 L4341CpSCME-4840r2023-06-23w2023-06-23yBK